| 000 | 01504nam a2200229Ia 4500 | ||
|---|---|---|---|
| 999 |
_c37545 _d37545 |
||
| 001 | 3511 | ||
| 003 | GE_BSU | ||
| 005 | 20190522145516.0 | ||
| 008 | 181216s||||||||xx |||||||||||||| ||und|| | ||
| 020 | _a9789941125553 | ||
| 040 | _cGE_BSU | ||
| 041 | _ageo | ||
| 080 | _a911.3(075.8) ფ–97 | ||
| 100 |
_aფუტკარაძე, მერაბ _91496 |
||
| 245 |
_aმაღალგანვითარებული ქვეყნების სოციალურ-ეკონომიკური გეოგრაფია : _bდამხმ. სახელმძღვ. უმაღლ. სასწ. სტუდ. / _cმერაბ ფუტკარაძე ; რედ. რეზო მანველიძე ; შოთა რუსთაველის სახელმწ. უნ-ტის საბუნებისმეტყველო ფაკ., გეოგრ. დეპარტამენტი. |
||
| 264 |
_aთბილისი : _bუნივერსალი, _c 2009. |
||
| 300 |
_a166 გვ. _b21 სმ. |
||
| 653 | _aსოციალურ-ეკონომიკური გეოგრაფია | ||
| 700 |
_aმანველიძე, რეზო _eრედაქტორი _91497 |
||
| 710 |
_aშოთა რუსთაველის სახელმწ. უნ-ტი _bსაბუნებისმეტყველო ფაკ., გეოგრ. დეპარტამენტი. _91498 |
||
| 942 |
_cBK _2udc |
||